000
00241nam a2200097Ia 4500
008
231212s2000 xx 000 0 und d
041
_a
eng
100
_a
Desai S.M.
245
_a
Intrumentation & Control System
260
_a
Pune
_b
Technov
_c
2000
999
_c
967747
_d
967747